|
|
|
|
| LEADER |
00000ny a22000003n 4500 |
| 005 |
20110523132220.0 |
| 008 |
080609s2005 sp fs 000 0 spa c |
| 020 |
|
|
|a 8495382970
|
| 035 |
|
|
|a 744
|
| 040 |
|
|
|a UMA.RE
|d vLex
|
| 080 |
|
|
|a 347.736/.739(460)(083.2)
|
| 080 |
|
|
|a 347.736/.739(460)(094.5)
|
| 090 |
|
|
|c 159
|d 159
|
| 100 |
1 |
|
|a Ferrer Vicente, Jos ̌Mara̕
|
| 245 |
1 |
3 |
|a El nuevo derecho concursal
|h [Recurso electrn̤ico]
|b un progreso y avance en el derecho espaǫl : aspectos prc̀ticos, anl̀isis y desarrollo /
|c Jos ̌Mara̕ Ferrer Vicente
|
| 256 |
|
|
|a Servicio en ln̕ea
|
| 260 |
|
|
|a [Valencia] :
|b Revista General de Derecho,
|c 2005
|
| 506 |
1 |
|
|a Contenido solo disponible en los productos indicados
|d vLex Global
|d vLex Global (Academic Edition, excluding Law Schools)
|d vLex Global (U.S. Academic Edition, Law Schools)
|d vLex Global (U.S. Academic Edition, excluding Law Schools)
|d vLex Global (Academic Edition, Law Schools)
|
| 650 |
0 |
7 |
|a Derecho concursal
|2 Tesauro vLex
|
| 650 |
0 |
7 |
|2 Tesauro vLex
|a Concurso de acreedores
|
| 650 |
0 |
7 |
|2 Tesauro vLex
|a Concurso
|
| 740 |
0 |
|
|a vLex Libros (Servicios en ln̕ea)
|
| 856 |
4 |
0 |
|z Acceso restringido
|u http://vlex.com/source/derecho-concursal-nuevo-espa-ol-744
|
| 942 |
|
|
|c BOOK
|
| 999 |
0 |
|
|a Contests
|b Spain
|